| 000 | 00563nam a2200217Ia 4500 | ||
|---|---|---|---|
| 003 | OSt | ||
| 005 | 20230524144316.0 | ||
| 008 | 210423s2002 xx 000 0 und d | ||
| 040 | _cAL | ||
| 041 | _aeng | ||
| 082 |
_a363.8 _223 _bVENH |
||
| 100 |
_aVENKATACHALAM (P S);REBELLO (L M). _9112467 |
||
| 245 | _aNutrition for mother and child. | ||
| 260 | _c2002 | ||
| 300 |
_a60 _bPB |
||
| 365 | _cINR | ||
| 650 |
_aOther Social Problems _9112468 |
||
| 650 |
_aSocial Problems & Services _9112469 |
||
| 906 | _achild. ; mother ; Nutrition | ||
| 942 |
_2ddc _cBK |
||
| 999 |
_c172839 _d172839 |
||